BUBT Library Online Catalog

বঙ্গবন্ধু ও একাত্তরের পদাবলী / (Record no. 6564)

000 -LEADER
fixed length control field 00870nam a22002177a 4500
003 - CONTROL NUMBER IDENTIFIER
control field BUBTL
008 - FIXED-LENGTH DATA ELEMENTS--GENERAL INFORMATION
fixed length control field 211028b ||||| |||| 00| 0 eng d
020 ## - INTERNATIONAL STANDARD BOOK NUMBER
International Standard Book Number 9847025403673
082 ## - DEWEY DECIMAL CLASSIFICATION NUMBER
Classification number 954.925/ P2636b/ 2020
100 ## - MAIN ENTRY--PERSONAL NAME
9 (RLIN) 4317
Personal name পাশা, সোহরাব
245 ## - TITLE STATEMENT
Title বঙ্গবন্ধু ও একাত্তরের পদাবলী /
Statement of responsibility, etc. সোহরাব পাশা
250 ## - EDITION STATEMENT
Edition statement 1st Edn
260 ## - PUBLICATION, DISTRIBUTION, ETC. (IMPRINT)
Place of publication, distribution, etc. Dhaka:
Name of publisher, distributor, etc. Royal publishers,
Date of publication, distribution, etc. c2020
300 ## - PHYSICAL DESCRIPTION
Extent 64 p.:
Dimensions 22 cm.
505 ## - FORMATTED CONTENTS NOTE
Formatted contents note বঙ্গবন্ধু, সোহরাব পাশা, মুক্তিযুদ্ধ, ভাষা আন্দোলন ও রাজনৈতিক কবিতা, Bangabandhu
546 ## - LANGUAGE NOTE
Language note Bengali
650 #0 - SUBJECT ADDED ENTRY--TOPICAL TERM
9 (RLIN) 3573
Topical term or geographic name as entry element বঙ্গবন্ধু
856 ## - ELECTRONIC LOCATION AND ACCESS
Password 0
Logon 0
Link text Download
942 ## - ADDED ENTRY ELEMENTS (KOHA)
Source of classification or shelving scheme
Koha item type Books
Holdings
Withdrawn status Lost status Source of classification or shelving scheme Damaged status Not for loan Collection code Permanent location Current location Shelving location Date acquired Source of acquisition Inventory number Total Checkouts Full call number Barcode Date last seen Copy number Price effective from Koha item type
          Non-fiction Bangladesh University of Business and Technology Library Bangladesh University of Business and Technology Library Historical Books 03/12/2020 Purchase 27143   954.925/ P2636b/ 2020 BUBTL-200327143 10/28/2021 C-1 10/28/2021 Books

More Information About Library

Library Hours

  • Open: 9.00 am. to 9.00 pm.
  • Only Sunday: 9.00 am. to 6.00 pm.
  • Closed: Holiday

Contact to the University

Bangladesh University of Business and Technology Library

  • Mirpurl-2, 1216.
  • Phone:
  • Fax:
  • E-Mail: admin.library@bubt.edu.bd

Contact to the Library

Contact Person:

Md. Abdul Hakim Shah
Joint Librarian
PABX No:  113
Cell No: 01816332931
E-mail: official: admin.library@bubt.edu.bd
Personal: hakim.shah@bubt.edu.bd


BUBT Library

Copyright © 2021